Sports Quiz

Random Sports or NFL Quiz

Who drafted the NFL star Quiz Stats

 Plays Quiz not verified by Sporcle

Support Sporcle.
Go Orange.
Score 0/20 Timer 07:00
0 Plays Today
Star Team % Correct
John AbrahamJets
88.1%
Vinny TestaverdeBuccaneers
88.1%
Deion SandersFalcons
87.3%
Willis McGaheeBills
85.5%
Champ BaileyRedskins
82.8%
Matt SchaubFalcons
82.4%
Eric DickersonRams
82.2%
John ElwayColts
82%
Charles WoodsonRaiders
82%
Peyton HillisBroncos
79.7%
Star Team % Correct
Mike Williams (Currently on Seahawks)Lions
77%
Matt HasselbeckPackers
75.6%
Herschel WalkerCowboys
71.1%
Kerry CollinsPanthers
67.4%
Steve Young*Buccaneers
62.5%
Cris CarterEagles
55.5%
Doug WilliamsBuccaneers
48%
Kurt WarnerUndrafted
44.5%
Mark BrunellPackers
42.2%
Andre RisonColts
33.4%

You're not logged in!

Compare scores with friends on all Sporcle quizzes.
OR
Log In

From the Vault

Five-Letter Biblical Figures

by Propellerhead

They may only be five letters long, but we're still not sure how to pronounce all these names.
Remove Ads.
Support Sporcle.
Get the best of Sporcle when you Go Orange. This ad-free experience offers more features, more stats, and more fun while also helping to support Sporcle. Thank you for becoming a member.

Show Comments

Extras

Created Mar 12, 2011ReportNominate
Tags:NFL Quiz, trade

Top Quizzes Today


Score Distribution

Your Account Isn't Verified!

In order to create a playlist on Sporcle, you need to verify the email address you used during registration. Go to your Sporcle Settings to finish the process.

Report this User

Report this user for behavior that violates our Community Guidelines.

Details: